00829nam a2200205 a 450000100100000000500170001000800410002702000150006804100080008304300120009124501300010326000340023330000110026750000810027850001440035965000260050365000300052965000260055970000380058500002882220200120222141.0061002s2001 ck gr 000 j spa d a9588061504 aspa as-sk---00aHabrá una vez :bantología de cuento joven norteamericano /cselección, traducción y prólogo: Juan Fernando Merino. aBogotá :bAlfaguara,c2001. a335 p. aPremio Santillana de Experiencias Educativas 2005. Redescubriendo al Quijote aEj.1 de Biblioparque de Funza : Colección Proveniente de la Antigua Biblioteca Municipal, Centro Cultural Bacatá, Funza (Cundinamarca).14aCUENTO NORTEAMERICANO24aLITERATURA NORTEAMERICANA24aANTOLOGIAS DE CUENTOS1 aMerino, Juan Fernandoetraductor.